[Event "Summer II"]
[Site "Alushta UKR"]
[Date "2004.05.26"]
[Round "6"]
[White "Tishin,D"]
[Black "Pavlov,Ma"]
[Result "1/2-1/2"]
[WhiteElo "2372"]
[BlackElo "2451"]

1.d4 d5 2.c4 c6 3.Nf3 dxc4 4.e3 Be6 5.Qc2 Nf6 6.Bxc4 Bxc4 7.Qxc4 Qa5+ 8.Nc3 Qa6
9.Qxa6 Nxa6 10.O-O e6 11.e4 Be7  1/2-1/2

[Event "ch-City"]
[Site "Solingen GER"]
[Date "2004.05.29"]
[Round "3"]
[White "Podzielny,KH"]
[Black "Goerke,J"]
[Result "1/2-1/2"]
[WhiteElo "2479"]
[BlackElo "2136"]

1.d4 d5 2.c4 c6 3.Nf3 Nf6 4.Qc2 g6 5.Bg5 Bg7 6.e3 O-O 7.Nc3 Bf5 8.Qb3 dxc4
9.Qxb7 Nbd7 10.Qxc6 Rb8 11.Bxc4 Rxb2 12.O-O Qb8 13.Bxf6 Rc8 14.Qa6 Rb6 15.Qa3 Nxf6
16.Ne5 e6 17.f3 g5 18.e4 Bg6 19.Ne2 Nxe4 20.Nxg6 hxg6 21.fxe4 Rxc4 22.Qd3 Qc7
23.Rac1 Rbc6 24.Rxc4 Rxc4 25.e5 Rc2 26.Qf3 Rxa2 27.Nc3 Rc2 28.Nb5 Qd7 29.Nd6 Bf8
30.Qd3 Qc6 31.d5 Qc5+ 32.Kh1 Rc3 33.Qd2 Qe3 34.Qd1 Qxe5 35.Nxf7 Qxd5 36.Qa1 Qd3
37.Rf3 Qd4 38.Rxc3 Bg7 39.Rc8+ Kxf7 40.Rc7+ Kg8 41.Qe1 Be5 42.Rc8+ Kh7 43.Rf8 Kg7
44.Rf3 Bc7 45.Qe2 Qa1+ 46.Rf1 Qe5 47.Qxe5+ Bxe5 48.Rb1 Bd4 49.g4 Kf6 50.Kg2 a5
51.Kf3 Bc3 52.Rb3 Bb4 53.Ke4 Bd6 54.h3 a4 55.Rb6 Ke7 56.Kd4 a3 57.Ra6 Kd7
58.Kc4  1/2-1/2

[Event "57th ch-RUS Qualifier"]
[Site "St Petersburg RUS"]
[Date "2004.05.29"]
[Round "8"]
[White "Dobrov,V"]
[Black "Gleizerov,E"]
[Result "1-0"]
[WhiteElo "2477"]
[BlackElo "2592"]

1.Nf3 d5 2.d4 c6 3.c4 dxc4 4.e3 Be6 5.a4 Nf6 6.Na3 c5 7.Nxc4 Nc6 8.a5 cxd4
9.Nxd4 Nxd4 10.exd4 b5 11.axb6 axb6 12.Rxa8 Qxa8 13.Bd2 Bxc4 14.Bxc4 Qxg2
15.Ke2 Nd7 16.Qc2 Qg4+ 17.Ke1 e5 18.Bb5 Qxd4 19.Qc8+ Ke7 20.Qb7 Ke6 21.Bc3 Qd6
22.Ke2 Nf6 23.Bc4+ Kf5 24.Qf3+  1-0

[Event "3rd ACP Blitz Prelim5"]
[Site "playchess.com INT"]
[Date "2004.06.04"]
[Round "7"]
[White "Fridman,D2"]
[Black "Dimitrijevic,A"]
[Result "1-0"]
[WhiteElo "2594"]
[BlackElo "2292"]

1.d4 d5 2.Nf3 Nf6 3.c4 c6 4.Qc2 g6 5.Bf4 Bg7 6.e3 O-O 7.Nc3 Na6 8.a3 dxc4
9.Bxc4 b5 10.Be2 b4 11.axb4 Nxb4 12.Qd2 Nbd5 13.Be5 Bb7 14.O-O a5 15.Na4 Ba6
16.Bxa6 Rxa6 17.Nc5 Rb6 18.e4 Nc7 19.Qxa5 Na8 20.Ra2 Qc8 21.Rfa1 Qg4 22.h3 Qh5
23.Qc3  1-0

[Event "Dake Mem"]
[Site "McMinnville USA"]
[Date "2004.06.07"]
[Round "3"]
[White "Anka,E"]
[Black "Raptis,N"]
[Result "1-0"]
[WhiteElo "2422"]
[BlackElo "2262"]

1.d4 Nf6 2.Nf3 d5 3.c4 c6 4.Qc2 e6 5.g3 Nbd7 6.Bg2 Be7 7.O-O O-O 8.Rd1 b6
9.Nbd2 Bb7 10.e4 Rc8 11.e5 Ne8 12.Nb3 dxc4 13.Qxc4 Nc7 14.h4 h6 15.Qe2 Nd5
16.Nh2 c5 17.dxc5 Nxc5 18.Nxc5 Bxc5 19.Ng4 Qe7 20.Bxh6 f5 21.exf6 Nxf6 22.Nxf6+ Qxf6
23.Bxb7 Rc7 24.Be3 Rxb7 25.Bxc5 bxc5 26.Rd2 Rfb8 27.Rb1 Qf5 28.Rc2 a5 29.Rbc1 a4
30.a3 Qd5 31.Rd2 Qf5 32.Rc4 Qf6 33.Rf4 Qg6 34.Kg2 Ra7 35.Qe5 Rb5 36.Rd8+ Kh7
37.Rff8 Qg4 38.h5  1-0

[Event "FSIM June"]
[Site "Budapest HUN"]
[Date "2004.06.10"]
[Round "6"]
[White "Kahn,E"]
[Black "Martini,B"]
[Result "1/2-1/2"]
[WhiteElo "2290"]
[BlackElo "2289"]

1.d4 d5 2.c4 c6 3.Nf3 Nf6 4.Qb3 dxc4 5.Qxc4 Bf5 6.Nc3 h6 7.g3 e6 8.Bg2 Be7
9.Ne5 Nbd7 10.e4 Bh7 11.O-O O-O 12.Rd1 Nb6 13.Qe2 Qc7 14.Bf4 Bd6 15.Rac1 a6
16.Be3 Bb4 17.f3 Rfd8 18.a3 Be7 19.Bh3 Bd6 20.Nd3 Nfd7 21.Bf2 Rac8 22.b4 Nc4
23.a4 b5 24.Qa2 Ra8 25.Bf1 Ndb6 26.Nc5 a5 27.Bxc4 axb4 28.Nxe6 fxe6 29.Nxb5 Qe7
30.Bxe6+ Kh8 31.Rxc6 Nxa4 32.Nxd6 Rxd6 33.Rxd6 Qxd6 34.Rc1 Qf8 35.Bd5 Bg8
36.Bxg8 Nc3 37.Qc4 Rc8 38.Kg2 Rxc4 39.Bxc4 Qc8 40.Bd3 Qa8 41.d5 Qa3 42.d6 Qxc1
43.d7 Qg5 44.e5 Qe7 45.e6 Nd5 46.Bc5 Qd8 47.Bc4 Nf6 48.Bb6 Qxb6 49.e7 Qe3
50.d8=Q+ Kh7 51.h4 h5 52.Qd3+ Qxd3 53.Bxd3+ g6 54.Kf2 Kg7 55.Ke2 Kf7 56.Kd2 Kxe7
57.Bxg6 Kd6 58.Kd3 b3 59.Kc3 Ke5 60.Kxb3 Kd4 61.Bf5 Ke3 62.g4 hxg4 63.Bxg4 Kf4
64.h5 Kg5 65.Kc4 Nh7 66.Kd5 Kf6 67.f4 Ng5 68.h6 Nf7 69.h7 Nh8 70.Ke4 Kg7
71.Bf5 Kf6 72.Bh3 Kg7 73.Bf5 Kf6 74.Bc8 Kg7 75.Kf5 Ng6 76.Kg5 Nxf4  1/2-1/2

[Event "Dake Mem"]
[Site "McMinnville USA"]
[Date "2004.06.13"]
[Round "9"]
[White "Raptis,N"]
[Black "Berry,J"]
[Result "1-0"]
[WhiteElo "2262"]
[BlackElo "2255"]

1.d4 d5 2.Nf3 Nf6 3.c4 c6 4.g3 Bf5 5.Nc3 e6 6.Qb3 Qb6 7.c5 Qc7 8.Bf4 Qc8
9.Qa4 Nbd7 10.Bg2 b5 11.cxb6 axb6 12.Qb3 Be7 13.O-O O-O 14.Rfc1 Qa6 15.Nh4 Rfe8
16.Nxf5 exf5 17.f3 b5 18.Qc2 g6 19.e4 fxe4 20.fxe4 b4 21.Nd1 dxe4 22.Qxc6 Qd3
23.Be3 Qe2 24.Bf2 Ra6 25.Bf1 Rxc6 26.Bxe2 Rxc1 27.Rxc1 Nd5 28.Bb5 Rd8 29.Ne3 Bg5
30.Bxd7 Bxe3 31.Rc8 Rxc8 32.Bxc8 Bxf2+ 33.Kxf2 Nb6 34.Bb7 f5 35.Bc6 Kf7 36.a4 bxa3
37.bxa3 Ke6 38.a4 Kd6 39.Bb5 Kd5 40.a5 Nc8 41.Ke3 Na7 42.Be8 g5 43.Bf7+ Kd6
44.g4 Ke7 45.Bg8  1-0

[Event "Summer IV"]
[Site "Alushta UKR"]
[Date "2004.06.18"]
[Round "2"]
[White "Tishin,D"]
[Black "Kargin,A"]
[Result "0-1"]
[WhiteElo "2372"]
[BlackElo "2383"]

1.d4 d5 2.c4 c6 3.Nf3 Nf6 4.Qc2 dxc4 5.Qxc4 Bg4 6.e3 Bxf3 7.gxf3 g6 8.Nc3 Bg7
9.Bd2 O-O 10.O-O-O b5 11.Qb3 Nbd7 12.h4 Qc7 13.Be2 a5 14.Qc2 Rfc8 15.f4 b4
16.Na4 c5 17.dxc5 Nxc5 18.Nxc5 Qb6 19.Bf3 Rab8 20.Kb1 Rxc5 21.Qa4 Nd5 22.Bxd5 Rxd5
23.Bc1 Rc5 24.f3 Qf6 25.Rh2 h5 26.Rg1 Rbc8 27.Re2 Qxh4 28.Qb3 Qf6 29.e4 Qa6
30.Ree1 a4 31.Qe3 b3 32.a3 Qb6 33.Qd3 Rd8 34.Qf1 Bd4 35.Rg2 Rc2 36.Rxc2 bxc2+
37.Kxc2 Qb3+ 38.Kb1 Bxb2  0-1

[Event "XVIII Open"]
[Site "Pula CRO"]
[Date "2004.06.20"]
[Round "1"]
[White "Kurajica,B"]
[Black "Altmann,C"]
[Result "1-0"]
[WhiteElo "2540"]
[BlackElo "2130"]

1.d4 d5 2.c4 c6 3.Qc2 Nf6 4.Nf3 g6 5.e3 Bf5 6.Bd3 Bxd3 7.Qxd3 Bg7 8.O-O O-O
9.b4 dxc4 10.Qxc4 Qd5 11.Nbd2 Nbd7 12.Bb2 Nb6 13.Qc2 Qb5 14.a4 Qxb4 15.Ba3 Qa5
16.Bxe7 Rfe8 17.Nb3 Qd5 18.Bxf6 Bxf6 19.Nc5 Rab8 20.a5 Na8 21.a6 b6 22.e4 Qd8
23.Nb7 Qd7 24.Rac1 Bxd4 25.Qxc6 Qxc6 26.Rxc6 Bc5 27.Nxc5 bxc5 28.Rxc5 Rxe4
29.Ne5 Ra4 30.Rc6 Nb6 31.Rc7 Rxa6 32.Nxf7 Nd5 33.Nh6+ Kh8 34.Rf7 Nf6 35.h3 Ng8
36.Ng4 Re8 37.Rc1 Re7 38.Rxe7 Nxe7 39.Rc7 Nf5 40.Ne5 Ra5 41.Nf7+ Kg8 42.g4 Nd4
43.Nh6+ Kh8 44.Re7 Nc6 45.Rc7 Nd4 46.Kg2 Ne6 47.Re7 Nf4+ 48.Kg3 Nd5 49.Re8+ Kg7
50.g5 Nf6 51.Re7+ Kf8 52.gxf6  1-0

[Event "TCh-CRO"]
[Site "Rabac CRO"]
[Date "2004.06.21"]
[Round "1"]
[White "Covic,D"]
[Black "Varga,Zo"]
[Result "0-1"]
[WhiteElo "2343"]
[BlackElo "2564"]

1.d4 d5 2.c4 dxc4 3.Nf3 c6 4.e3 Be6 5.a4 Nf6 6.Na3 c5 7.Bxc4 Bxc4 8.Nxc4 Nc6
9.dxc5 Qxd1+ 10.Kxd1 Ne4 11.Ke2 Nxc5 12.Bd2 e6 13.Bc3 f6 14.Rhd1 Nb3 15.Rab1 Rd8
16.Rxd8+ Kxd8 17.Rd1+ Kc7 18.Nd4 Nbxd4+ 19.Bxd4 e5 20.Bc3 b6 21.Nd2 Be7 22.f4 exf4
23.exf4 Re8 24.Kf3 Rd8 25.Re1 Bf8 26.Nb3 a6 27.Re4 f5 28.Re2 g6 29.Rd2 Rxd2
30.Nxd2 b5 31.axb5 axb5 32.Nb3 Kd6 33.Ke3 Kd5 34.Kd3 Bd6 35.g3 Bc5 36.Nxc5 Kxc5
37.h3 Nd8 38.Bf6 Nb7 39.Bc3 Nd6 40.Bd4+ Kd5 41.Bf6 Nb7 42.Bg7 Nc5+ 43.Kd2  0-1

[Event "TCh-CRO"]
[Site "Rabac CRO"]
[Date "2004.06.23"]
[Round "4"]
[White "Jovanic,O"]
[Black "Glavas,D"]
[Result "1/2-1/2"]
[WhiteElo "2435"]
[BlackElo "2295"]

1.d4 d5 2.c4 c6 3.Nf3 Nf6 4.Qc2 a6 5.e3 e6 6.Nbd2 b5 7.b3 Bd6 8.Bb2 O-O 9.Bd3 h6
10.O-O Bb7 11.c5 Bc7 12.Ne5 Nfd7 13.f4 f5 14.h3 Nf6 15.Ndf3 Nbd7 16.g4 Ne4
17.b4 Qe8 18.Qg2 Kh7 19.Kh2 g6 20.Rg1 Rg8 21.gxf5 exf5 22.Nh4 Bxe5 23.dxe5 Bc8
24.Nf3 Nf8 25.a4 bxa4 26.Rxa4 Ne6 27.Nd4 Nxd4 28.Bxd4 g5  1/2-1/2

[Event "5th Open"]
[Site "Marseille FRA"]
[Date "2004.06.27"]
[Round "3"]
[White "Solozhenkin,E"]
[Black "Vincensini,E"]
[Result "1-0"]
[WhiteElo "2480"]
[BlackElo "2032"]

1.d4 d5 2.Nf3 Nf6 3.c4 c6 4.Qb3 e6 5.Bg5 Be7 6.Nc3 O-O 7.e3 Nbd7 8.Bd3 dxc4
9.Qxc4 h6 10.Bxf6 Bxf6 11.Rd1 Kh8 12.Bb1 g6 13.O-O Qe7 14.Qb3 b6 15.e4 Bg7
16.e5 Bb7 17.Be4 Rfd8 18.Rfe1 Nf8 19.h4 g5 20.hxg5 hxg5 21.Ne2 g4 22.Nh2 Qg5
23.Qg3 Rd7 24.Nxg4 Rad8 25.f4 Qh5 26.Nf2  1-0

[Event "2nd Infineon FM"]
[Site "Budapest HUN"]
[Date "2004.07.01"]
[Round "7"]
[White "Winkelmann,E"]
[Black "Dobos,O"]
[Result "1-0"]
[WhiteElo "1920"]
[BlackElo "2035"]

1.d4 d5 2.c4 c6 3.Nf3 dxc4 4.e4 b5 5.a4 a6 6.b3 cxb3 7.axb5 cxb5 8.Bxb5+ Bd7
9.Bxd7+ Nxd7 10.Qxb3 Qb6 11.Qc2 e6 12.Be3 Bb4+ 13.Nbd2 Qb5 14.Qa4 Qxa4 15.Rxa4 a5
16.Ke2 Nb6 17.Ra2 Ne7 18.d5 Nbc8 19.dxe6 fxe6 20.Nd4 Kf7 21.Nc4 Kf6 22.Rb1 e5
23.Nc2 Nd6 24.Nxd6 Bxd6 25.Rba1 Rhc8 26.Kd1 Nc6 27.Bd2 Bc7 28.Ne3 Ke6 29.Nd5 Bd8
30.Be3 Nd4 31.Bxd4 exd4 32.f4 g5 33.g3 gxf4 34.gxf4 Rc5 35.Ke2 Rac8 36.Kd3 Kd6
37.Kxd4 Rxd5+ 38.exd5 Bf6+ 39.Kd3 Bxa1 40.Rxa1 Rc5 41.Ke4 Rxd5 42.Ra3 Rb5
43.Rd3+ Ke7 44.f5 h5 45.Kf4 h4 46.Kg5 a4 47.Kg6 Rb7 48.f6+ Ke6 49.f7 Rb8
50.Kg7 Rb7 51.Kg8  1-0

[Event "Nova Open"]
[Site "Haarlem NED"]
[Date "2004.07.03"]
[Round "3"]
[White "Alienkin,A"]
[Black "Borman,P"]
[Result "1-0"]
[WhiteElo "2393"]
[BlackElo "2214"]

1.d4 d5 2.c4 c6 3.Nf3 Nf6 4.Qb3 Qb6 5.c5 Qxb3 6.axb3 Bf5 7.Nc3 Na6 8.e4 Nb4
9.Ra4 Nc2+ 10.Kd2 Nxe4+ 11.Nxe4 Bxe4 12.Bd3 Bxf3 13.gxf3 Nxd4 14.Rxd4 e5
15.Re1 f6 16.b4 Kf7 17.Rh4 a5 18.bxa5 Bxc5 19.Ke2 Rxa5 20.Rxh7 Rxh7 21.Bxh7 Ra4
22.Rg1 Rh4 23.Bg6+ Kf8 24.Rg2 Rc4 25.Bd2 Bd4 26.b3 Rc5 27.Bb4  1-0

[Event "3rd Open"]
[Site "La Fere FRA"]
[Date "2004.07.03"]
[Round "1"]
[White "Bielka,S"]
[Black "Levin,F"]
[Result "0-1"]
[WhiteElo "2054"]
[BlackElo "2506"]

1.d4 d5 2.c4 dxc4 3.Nf3 c6 4.e3 Be6 5.Nc3 b5 6.Ng5 Bc8 7.e4 h6 8.Nf3 Nf6
9.a3 e6 10.Be2 Bb7 11.e5 Nd5 12.O-O Nxc3 13.bxc3 Nd7 14.Be3 Nb6 15.Qc2 Nd5
16.Nd2 a6 17.Ne4 Qc7 18.Kh1 Be7 19.Bc1 c5 20.Be3 cxd4 21.Bxd4 Nf4 22.Bf3 O-O
23.Nd2 Bxf3 24.Nxf3 Nd3 25.Qe2 Bc5 26.Bxc5 Qxc5 27.Kg1 Rad8  0-1

[Event "Nova Open"]
[Site "Haarlem NED"]
[Date "2004.07.04"]
[Round "5"]
[White "Alienkin,A"]
[Black "Boidman,Y"]
[Result "1-0"]
[WhiteElo "2393"]
[BlackElo "2412"]

1.d4 d5 2.c4 c6 3.Nf3 Nf6 4.Qb3 g6 5.g3 dxc4 6.Qxc4 Be6 7.Qa4 Bg7 8.Bg2 O-O
9.O-O Nbd7 10.Nc3 Nd5 11.Ng5 Nxc3 12.bxc3 Nb6 13.Qc2 Bc4 14.Ba3 Re8 15.Rfd1 e5
16.Ne4 exd4 17.cxd4 f5 18.Nc3 Nd5 19.e3 Nxc3 20.Qxc3 Bd5 21.Bxd5+ Qxd5 22.Rdb1 b6
23.Qb3 Rad8 24.Bb2 Re7 25.Bc3 h5 26.Qxd5+ Rxd5 27.Rc1 Rc7 28.Rab1 Kf7 29.Bb4 Ke6
30.Kf1 h4 31.Ke2 h3 32.a4 g5 33.a5 Rb5 34.Bd2 Rxb1 35.Rxb1 Rb7 36.axb6 axb6
37.Ba5 Bf6 38.Rxb6 Rxb6 39.Bxb6 Kd5 40.f3 Kc4 41.Bc7 g4 42.fxg4 fxg4 43.Bf4 Bd8
44.Be5 Ba5 45.Bf4 Bc3 46.Bc7 Bxd4 47.exd4 Kxd4 48.Bb6+ c5 49.Bxc5+  1-0

[Event "ch-BEL"]
[Site "Westerlo BEL"]
[Date "2004.07.04"]
[Round "2"]
[White "Laurent,B"]
[Black "Mohandesi,S"]
[Result "1-0"]
[WhiteElo "2344"]
[BlackElo "2312"]

1.Nf3 d5 2.d4 c6 3.c4 dxc4 4.a4 Nf6 5.Nc3 Bf5 6.Ne5 e6 7.f3 Bb4 8.e4 Bxe4
9.fxe4 Nxe4 10.Bd2 Qxd4 11.Nxe4 Qxe4+ 12.Qe2 Bxd2+ 13.Kxd2 Qd5+ 14.Ke1 O-O
15.Qe3 Qa5+ 16.Kf2 Qb4 17.Bxc4 Qxb2+ 18.Kg3 Qb4 19.Rhf1 Na6 20.Rxf7 Rxf7
21.Bxe6 Nc5 22.Bxf7+ Kh8 23.Bc4 h6 24.Rf1 Qc3 25.Qxc3 Ne4+ 26.Kh4 Nxc3 27.a5 Re8
28.Re1 g5+ 29.Kh5 Kg7 30.Rf1 Nd5 31.Bxd5 Rxe5 32.Rf7+ Kg8 33.Bb3  1-0

[Event "22nd Open"]
[Site "Andorra la Vella AND"]
[Date "2004.07.05"]
[Round "3"]
[White "Gurevich,M"]
[Black "Perez Candelario,Man"]
[Result "1/2-1/2"]
[WhiteElo "2667"]
[BlackElo "2498"]

1.d4 d5 2.c4 c6 3.Nf3 Nf6 4.Qc2 e6 5.Bg5 h6 6.Bh4 Nbd7 7.e3 Qa5+ 8.Nc3 Ne4
9.Nd2 Nxd2 10.Qxd2 Bb4 11.Rc1 Nb6 12.cxd5 Nxd5 13.a3 Bxc3 14.bxc3 Qxa3 15.e4 Ne7
16.Bd3 O-O 17.O-O e5 18.f4 exf4 19.Ra1 Qd6 20.e5 Qe6 21.Bxe7 Qxe7 22.Qxf4 Bd7
23.Qe4 f5 24.Qe2 Be6 25.Rf3 a5 26.Raf1 Qd7 27.g4 g6 28.gxf5 gxf5 29.Rg3+ Kh7
30.Qg4 Rg8 31.Bxf5+ Bxf5 32.Qxf5+ Qxf5 33.Rxf5 Rxg3+ 34.hxg3 Kg6 35.Rf2 a4
36.Kg2 b5 37.g4 a3 38.Ra2 Kf7 39.Kf3 Ke6 40.Ke4 Ra6 41.Kd3 Kd5 42.Kc2 Kc4
43.Ra1 Ra7 44.Re1 Rf7 45.e6 Rf2+ 46.Kb1 Kb3 47.e7 Rb2+ 48.Ka1 Ra2+ 49.Kb1 Rb2+
50.Ka1 Ra2+  1/2-1/2

[Event "ch-CRC"]
[Site "Casa Espana CRC"]
[Date "2004.07.05"]
[Round "1"]
[White "Minero Pineda,S"]
[Black "Murillo,Alex"]
[Result "1/2-1/2"]
[WhiteElo "2429"]
[BlackElo "2352"]

1.Nf3 Nf6 2.c4 c6 3.d4 d5 4.g3 e6 5.Bg2 dxc4 6.Ne5 Bb4+ 7.Bd2 Be7 8.Bc3 Nd5
9.Nxc4 Nxc3 10.Nxc3 O-O 11.O-O Nd7 12.Qb3 Nb6 13.Rfd1 Nxc4 14.Qxc4 Bd7 15.Rac1 Qa5
16.Ne4 b6 17.a3 Rfd8 18.Nd2 Rac8 19.Nb3 Qb5 20.e3 a5 21.Bf1 a4 22.Qxb5 cxb5
23.Nd2 Be8 24.Nf3 b4 25.axb4 Bxb4 26.Ba6 Rxc1 27.Rxc1 Ra8 28.Bd3 b5 29.Ne5 a3
30.bxa3 Bxa3 31.Rb1 Rb8 32.Bc2 Bd6 33.Nd3 Bc6 34.Nb4 Bf3 35.Bd3 Rc8 36.Na6 b4
37.Nxb4 Bxb4 38.Rxb4 Rc1+ 39.Bf1 g5 40.Rc4 Rd1 41.Rc5 h6 42.Rc2 g4 43.Rb2 Kf8
44.Ra2 Ke7 45.Rb2 Kd7 46.Ra2 Kc7 47.Rb2 Kc6 48.Rc2+ Kb6 49.Ra2 Rb1 50.Ra6+ Kb7
51.Ra2 Bc6 52.f4 gxf3 53.Kf2 Bd5 54.Rc2 f5 55.Bc4 Be4 56.Rd2 Rh1 57.Bxe6 Rxh2+
58.Ke1 Rh1+ 59.Kf2 Kc7 60.Bc4 Kd6 61.Ra2 Rh2+  1/2-1/2

[Event "GP CG de l'Heralt"]
[Site "Montpellier FRA"]
[Date "2004.07.05"]
[Round "1"]
[White "Chernuschevich,A"]
[Black "Zharkov,H"]
[Result "1-0"]
[WhiteElo "2521"]
[BlackElo "2219"]

1.d4 d5 2.c4 c6 3.Nd2 Nf6 4.Ngf3 Bf5 5.Nh4 Bg4 6.h3 Bh5 7.Qb3 Qb6 8.g4 Qxb3
9.axb3 Bg6 10.Nxg6 hxg6 11.g5 Nfd7 12.Bg2 e6 13.e4 dxc4 14.bxc4 e5 15.d5 Bb4
16.O-O Bxd2 17.Bxd2 c5 18.f4 Ke7 19.Bc3 f6 20.Rf3 Na6 21.Raf1 Raf8 22.Rg3 Rfg8
23.gxf6+ gxf6 24.fxe5 fxe5 25.Rg5 Kd6 26.Bxe5+ Nxe5 27.Rf6+ Ke7 28.Re6+ Kf7
29.Rgxe5 Re8 30.Rxe8 Rxe8 31.Rxe8 Kxe8 32.e5 Nb4 33.Be4 Kf7 34.Kf2 a6 35.h4 b5
36.cxb5 axb5 37.Ke3 Ke7 38.Kf4 c4 39.Ke3 Kf7 40.Kd4 Na6 41.d6 Ke6 42.Bxg6 Nb8
43.Ke4  1-0

[Event "TCh-GRE"]
[Site "Aghia Pelagia GRE"]
[Date "2004.07.06"]
[Round "3"]
[White "Nikolaidis,I"]
[Black "Pandavos,P"]
[Result "1-0"]
[WhiteElo "2516"]
[BlackElo "2326"]

1.d4 d5 2.c4 c6 3.Nf3 Nf6 4.Qc2 dxc4 5.Qxc4 Bf5 6.g3 e6 7.Bg2 Be7 8.O-O O-O
9.Nfd2 Bxb1 10.Rxb1 Nbd7 11.Qc2 Qb6 12.e3 c5 13.Nc4 Qa6 14.dxc5 Nxc5 15.b4 Qa4
16.Qxa4 Nxa4 17.Bd2 Rac8 18.Rfc1 Rfd8 19.Be1 Nd5 20.Bxd5 Rxd5 21.Na5 Rb8
22.Rc7 Bd8 23.Rxb7 Rxb7 24.Nxb7 Bb6 25.Kf1 h5 26.Ke2 Rd7 27.Na5 f5 28.Nc4 Rc7
29.Kd3 Rd7+ 30.Kc2 Bc7 31.Rd1 Rxd1 32.Kxd1 Nb6 33.Nxb6 Bxb6 34.Kc2 Kf7 35.Kd3 Ke7
36.Bc3  1-0

[Event "GP CG de l'Heralt"]
[Site "Montpellier FRA"]
[Date "2004.07.06"]
[Round "2"]
[White "Vaisman,V"]
[Black "Carmeille,L"]
[Result "0-1"]
[WhiteElo "2373"]
[BlackElo "2232"]

1.d4 d5 2.Nf3 Nf6 3.c4 c6 4.Qc2 a6 5.Bf4 Bg4 6.Nbd2 Nbd7 7.e3 e6 8.Bd3 c5
9.O-O Be7 10.Ne5 Nxe5 11.dxe5 Nh5 12.h3 Nxf4 13.exf4 Bh5 14.g4 Bg6 15.f5 exf5
16.gxf5 Bh5 17.Rfe1 Bh4 18.Bf1 Qg5+ 19.Bg2 Qf4 20.Nf1 d4 21.Bxb7 O-O 22.Ng3 Bxg3
23.fxg3 Qxg3+ 24.Bg2 Rad8 25.Qd2 Rfe8 26.e6 fxe6 27.Rxe6 Rxe6 28.fxe6 Bf3
29.Qf2 Qxg2+ 30.Qxg2 Bxg2 31.Kxg2 Rd6 32.Re1 Kf8 33.Kf2 Ke7 34.Re4 d3 35.Ke1 Rxe6
36.Rxe6+ Kxe6 37.Kd2 Ke5 38.Kxd3 g5 39.Ke3 h5 40.b3 a5 41.Kd3 Kf4 42.a3 g4
43.hxg4 hxg4 44.Ke2 Ke4 45.Kf2 Kd4 46.Kg3 Kc3 47.b4 axb4 48.axb4 Kxb4 49.Kxg4 Kxc4  0-1

[Event "TCh-GRE"]
[Site "Aghia Pelagia GRE"]
[Date "2004.07.07"]
[Round "5"]
[White "Mastrokoukos,G"]
[Black "Banikas,H"]
[Result "0-1"]
[WhiteElo "2333"]
[BlackElo "2519"]

1.Nf3 Nf6 2.d4 d5 3.c4 c6 4.Qc2 g6 5.Bf4 dxc4 6.Qxc4 Bg7 7.e3 O-O 8.Be2 Qb6
9.Qc1 c5 10.dxc5 Qb4+ 11.Qc3 Nd5 12.Qxb4 Nxb4 13.Nc3 Bxc3+ 14.bxc3 Nc2+ 15.Kd2 Nxa1
16.Rxa1 Nd7 17.c6 bxc6 18.Rb1 Nb6 19.Nd4 Bd7 20.Ba6 f6 21.Bc7 e5 22.Nc2 Bc8
23.Be2 Nd5 24.Ba5 Bf5 25.c4 Nb6 26.c5 Nd7 27.Bf3 Nxc5 28.Bxc6 Rac8 29.Bd5+ Kh8
30.f3 Bxc2 31.Kxc2 Na6+ 32.Bc3 Rc5 33.Bb7 Nc7 34.a4 Nd5 35.Bxd5 Rxd5 36.Rb7 Rc8
37.Kb2 Rdc5 38.Bb4 R5c7 39.Rb5 Rc2+ 40.Kb3 Rxg2 41.Rb7 Re2 42.a5 Rxe3+ 43.Ka4 a6
44.Rb6 Ra8 45.Rxf6 Kg7 46.Re6 Rxf3 47.Rxe5 Rh3 48.Re2 Kf7 49.Bd6 Rd3 50.Bc5 Re8
51.Rf2+ Ke6 52.Kb4 Kd5  0-1

[Event "FSGM July"]
[Site "Budapest HUN"]
[Date "2004.07.07"]
[Round "5"]
[White "Lorscheid,G"]
[Black "Reiss,T"]
[Result "1/2-1/2"]
[WhiteElo "2272"]
[BlackElo "2408"]

1.d4 d5 2.c4 c6 3.Nf3 Nf6 4.Qc2 a6 5.c5 Nbd7 6.Bf4 Nh5 7.e3 g6 8.Nbd2 Bg7
9.Bd3 O-O 10.O-O f6 11.Rfe1 Re8 12.Bg3 Nxg3 13.hxg3 f5 14.Rab1 a5 15.b3 b5
16.cxb6 Qxb6 17.Rbc1 Bb7 18.Nb1 e6 19.Nc3 Bf8 20.Na4 Qa7 21.Qb2 Rac8 22.Rc2 Rc7
23.Rec1 h6 24.Bf1 Rec8 25.Ne1 Ba6 26.Bd3 Kf7 27.Rd1  1/2-1/2

[Event "FSGM July"]
[Site "Budapest HUN"]
[Date "2004.07.08"]
[Round "6"]
[White "Ilincic,Z"]
[Black "Jakab,A"]
[Result "1-0"]
[WhiteElo "2538"]
[BlackElo "2390"]

1.d4 d5 2.c4 c6 3.Nf3 Nf6 4.g3 g6 5.Bg2 Bg7 6.cxd5 cxd5 7.Nc3 O-O 8.Ne5 e6
9.O-O Nfd7 10.f4 Nc6 11.Be3 f5 12.Rc1 Ndxe5 13.dxe5 d4 14.Bxc6 dxe3 15.Ba4 a6
16.Qxd8 Rxd8 17.Rfd1 Rxd1+ 18.Nxd1 Bf8 19.Bb3 Kf7 20.Nxe3 Bd7 21.Rc7 Ke8
22.Nc4 b5 23.Nb6 Rd8 24.Nxd7 Rxd7 25.Rc8+ Rd8 26.Rxd8+ Kxd8 27.Bxe6 Bc5+
28.Kg2 Ke7 29.Bc8 a5 30.Kf3 Bd4 31.b3 a4 32.bxa4 bxa4 33.e4 fxe4+ 34.Kxe4 Bb2
35.g4 a3 36.f5  1-0

[Event "TCh-GRE"]
[Site "Aghia Pelagia GRE"]
[Date "2004.07.10"]
[Round "8"]
[White "Skalkotas,N"]
[Black "Mastrokoukos,G"]
[Result "1/2-1/2"]
[WhiteElo "2294"]
[BlackElo "2333"]

1.d4 d5 2.Nf3 Nf6 3.c4 c6 4.Qb3 dxc4 5.Qxc4 Bf5 6.Nc3 e6 7.g3 Nbd7 8.Bg2 Be7
9.O-O O-O 10.Bg5 h6 11.Bxf6 Bxf6 12.e4 Bg4 13.e5 Be7 14.Rad1 Rc8 15.Rfe1 Bf5
16.Qe2 Nb6 17.Ne4 Nd5 18.Nfd2 Nb6 19.Nc4 Nxc4 20.Qxc4 Qb6 21.Nc5 Qxb2 22.Re2 b5
23.Rxb2 bxc4 24.Rc1 Rfd8 25.Rxc4 Bxc5 26.Rxc5 Rxd4 27.h4 Be4 28.Bxe4 Rxe4
29.h5 Ra4 30.Rbc2 Ra6 31.f4 Kh7 32.Kf2 g6 33.g4 Ra4 34.Kf3 gxh5 35.gxh5 Rd8
36.R5c4 Rd3+ 37.Ke4 Raa3 38.Re2 Rh3 39.Kd4 Rxh5 40.Kc5 Ra6 41.Rg2 Rf5 42.Rc3 Rxf4
43.Rcg3 h5 44.Kd6 Rg4 45.Rxg4 hxg4 46.Rxg4 Rxa2 47.Ke7 Rf2 48.Ra4 Kg6 49.Rxa7 c5
50.Rc7 Rd2 51.Rxc5 Rd5 52.Rc8 Kg7 53.Rc1 Kg6 54.Rf1 Rxe5 55.Rf6+ Kg5 56.Rxf7 Re1
57.Rf6 e5 58.Ke6 e4 59.Ke5 Ra1 60.Rf5+ Kg6 61.Rf6+ Kg7 62.Rf2  1/2-1/2

[Event "TCh-GRE"]
[Site "Aghia Pelagia GRE"]
[Date "2004.07.10"]
[Round "8"]
[White "Skembris,S"]
[Black "Nikolaidis,K"]
[Result "1-0"]
[WhiteElo "2434"]
[BlackElo "2296"]

1.d4 d5 2.c4 c6 3.Nf3 Nf6 4.Qc2 g6 5.Bf4 Bg7 6.e3 O-O 7.Nc3 a6 8.c5 Nbd7
9.Be2 Nh5 10.Bg5 Qe8 11.g4 Nhf6 12.h3 e5 13.dxe5 Nxe5 14.Nxe5 Qxe5 15.Bf4 Qe6
16.O-O-O Re8 17.Na4 Nd7 18.Kb1 Be5 19.Bxe5 Qxe5 20.Bd3 Rb8 21.Rhe1 b5 22.cxb6 Nxb6
23.Nxb6 Rxb6 24.f4 Qf6 25.e4 dxe4 26.Rxe4 Rd8 27.b3 Be6 28.Rde1 Bd5 29.Re8+ Kg7
30.g5 Qd6 31.Qc3+  1-0

[Event "Open"]
[Site "Olomouc CZE"]
[Date "2004.07.10"]
[Round "7"]
[White "Polak,T"]
[Black "Kantorik,M"]
[Result "1-0"]
[WhiteElo "2482"]
[BlackElo "2331"]

1.d4 d5 2.c4 c6 3.Nf3 dxc4 4.e3 b5 5.a4 e6 6.axb5 cxb5 7.b3 Bb4+ 8.Bd2 Bxd2+
9.Nbxd2 a5 10.bxc4 b4 11.c5 Nf6 12.Nc4 O-O 13.Nb6 Ra7 14.Nxc8 Qxc8 15.Bd3 Nc6
16.O-O Rd8 17.Qc2 h6 18.Bc4 Nd5 19.Rfd1 Nc3 20.Rd3 Qc7 21.h3 a4 22.g4 e5
23.dxe5 Rxd3 24.Qxd3 Nxe5 25.Nxe5 Qxe5 26.Qd8+ Kh7 27.Qb6 Rc7 28.Qxb4 Ne2+
29.Bxe2 Qxa1+ 30.Kg2 a3 31.Qa5 Re7 32.c6 Qc1 33.Bf3 g6 34.Bd5 Kg7 35.e4 h5
36.Qb4 Re8 37.Qd4+ Kh6 38.Bxf7 Qxc6 39.Bxe8 Qxe8 40.Qe3+ Kg7 41.Qc3+ Kh7
42.Qxa3 Qxe4+ 43.Qf3 Qe5 44.gxh5 gxh5 45.Qg3 Qd5+ 46.Kh2 Kh6 47.Qf4+ Kg6
48.Kg3 Qd3+ 49.Kh4 Qd8+ 50.Kg3 Qd3+ 51.f3 Qd1 52.Kh4 Qd8+ 53.Kg3 Qd1 54.Qe5 Qg1+
55.Kh4 Kf7 56.Qf5+ Ke8 57.Qxh5+ Kf8 58.Qf5+ Ke8 59.Kh5 Qa1 60.h4 Ke7 61.Kg6 Qa6+
62.Kh7 Qa1 63.f4 Qf1 64.h5 Qf3 65.Qe5+ Kf7 66.h6 Qd3+ 67.f5 Qb1 68.Qe6+ Kf8
69.Qf6+ Ke8 70.Kg8 Kd7 71.h7  1-0

[Event "Open"]
[Site "Condom FRA"]
[Date "2004.07.12"]
[Round "3"]
[White "Malakhatko,V"]
[Black "Starostits,I"]
[Result "1-0"]
[WhiteElo "2555"]
[BlackElo "2460"]

1.d4 d5 2.c4 c6 3.Nf3 dxc4 4.e3 Be6 5.Nc3 b5 6.a4 b4 7.Ne4 Nf6 8.Nc5 Bd5
9.Qc2 e6 10.Nd2 Bxc5 11.dxc5 Nbd7 12.Nxc4 Nxc5 13.f3 O-O 14.Nd2 Qe7 15.e4 b3
16.Qc3 e5 17.Be2 Ne6 18.exd5 Nxd5 19.Qxe5 Rae8 20.Ne4 f5 21.Nc3 Qb4 22.Bd2 Nd4
23.Nxd5 Rxe5 24.Bxb4 Rxe2+ 25.Kf1 cxd5 26.Bc3 Rc8 27.Bxd4 Rcc2 28.Rd1 a6
29.h4 Red2 30.Rxd2 Rxd2 31.Bc3 Rd1+ 32.Be1 Rb1 33.Ke2 Rxb2+ 34.Bd2 Kf7 35.Kd3 Ra2
36.a5 Ke6 37.Rb1 Ra3 38.Rb2 g6 39.f4 Kd7 40.Bb4 Ra1 41.Rxb3 Rg1 42.Rb2 Kc6
43.Bc3 Rd1+ 44.Bd2 d4 45.Kxd4 Rg1 46.Be3 Rd1+ 47.Kc4  1-0

[Event "XIII Open"]
[Site "Castellar del Valles ESP"]
[Date "2004.07.15"]
[Round "2"]
[White "Hernando Rodrigo,Ju"]
[Black "Avila Jimenez,J"]
[Result "1-0"]
[WhiteElo "2362"]
[BlackElo "2246"]

1.d4 d5 2.c4 c6 3.Nf3 dxc4 4.a4 Nf6 5.e3 Bf5 6.Bxc4 e6 7.O-O Bd6 8.Nc3 O-O
9.Re1 Ne4 10.Bd3 Nxc3 11.bxc3 Bxd3 12.Qxd3 Nd7 13.e4 Qa5 14.e5 Be7 15.Bg5 Rfe8
16.h4 h6 17.Bd2 Red8 18.Qb1 Qa6 19.g4 Nf8 20.Qe4 c5 21.h5 Nh7 22.Kh2 Rac8
23.Rab1 Rd7 24.Rg1 cxd4 25.cxd4 Qc6 26.Qxc6 Rxc6 27.Rgc1 Rcc7 28.Be3 b6 29.Nd2 Ba3
30.Rc4 Ng5 31.Kg2 Nh7 32.f4 Kf8 33.Kf3 Ke8 34.a5 bxa5 35.Rb8+ Ke7 36.Rg8 Rxc4
37.Nxc4 Bb4 38.Rxg7 Kf8 39.Rxh7 Kg8 40.Rxh6 Bf8 41.Rf6 Bg7 42.Nxa5 Bxf6 43.exf6 Rd5
44.Nc6 Rd7 45.g5 Kh7 46.Ne5 Rb7 47.Nxf7 a5 48.g6+ Kg8 49.h6  1-0